• 首页
  • 本馆介绍
  • 公告通知
  • 最新文献
  • 馆藏检索
  • 电子资源
  • 读者导购
  • 参考咨询
  • 我的图书馆
  • 登录
  • 详细信息显示
  • 放入我的书架
  • 预约/预借图书
  • 作者相关作品
  • 分类相关作品
  • 丛书相关作品
  • 出版社相关作品

书目信息

  • 表格格式
  • 工作单格式
  • 卡片格式
题名:
大学化学
    
 
作者: 傅献彩 , 魏元训 , 芦昌盛 主编
分册:  
出版信息: 北京   高等教育出版社  2019
页数: 449页
开本: 23cm
丛书名:
单 册:
中图分类: O6
科图分类:
主题词: 化学--Hua Xue--高等学校--教材
电子资源:
ISBN: 978-7-04-051966-2
000 01180nam0 2200313 45
001 012001003819
005 20191210110943.06
010    @a978-7-04-051966-2@dCNY54.00
099    @aCAL 012019121351
100    @a20190927d2019 em y0chiy50 ea
101 0  @achi
102    @aCN@b110000
105    @aak z 000yy
106    @ar
200 1  @a大学化学@ADa Xue Hua Xue@f傅献彩,魏元训,芦昌盛等主编
205    @a第2版
210    @a北京@c高等教育出版社@d2019
215    @a449页@c图@d23cm
300    @a高等学校教材
305    @a1999年初版
320    @a有书目
330    @a本书将原分属于无机化学和分析化学的内容重新组合为大学化学,作为大学一年级的教材。本书在加强基础教学的基础上,注重宏观与微观的联系,使学生能初步运用物质结构的观点去了解物质的性能,强调学生科学思维能力的培养。全书分上、下两册。上册以化学原理为主,将化学滴定分析纳入平衡体系中;下册以元素知识为主,分区按族介绍元素及其化合物的基本知识。
606 0  @a化学@AHua Xue@x高等学校@j教材
690    @aO6@v5
701  0 @a傅献彩@AFu Xian Cai@4主编
701  0 @a魏元训@AWei Yuan Xun@4主编
701  0 @a芦昌盛@ALu Chang Sheng@4主编
801  0 @aCN@b上海新华@c20191020
905    @b1206758-9@dO6@e1068=2@f2
    
    大学化学/傅献彩,魏元训,芦昌盛等主编.-第2版.-北京:高等教育出版社,2019
    449页:图;23cm
    高等学校教材
    
    ISBN 978-7-04-051966-2:CNY54.00
    本书将原分属于无机化学和分析化学的内容重新组合为大学化学,作为大学一年级的教材。本书在加强基础教学的基础上,注重宏观与微观的联系,使学生能初步运用物质结构的观点去了解物质的性能,强调学生科学思维能力的培养。全书分上、下两册。上册以化学原理为主,将化学滴定分析纳入平衡体系中;下册以元素知识为主,分区按族介绍元素及其化合物的基本知识。
●
相关链接 在E读中查询图书 在五车中查询图书 在当当中查询图书 在豆瓣中查询图书


正题名:大学化学     索取号:O6/1068=2         预约/预借

序号 登录号 条形码 馆藏地/架位号 状态 备注
1 1206758   212067582   第二样本阅览室/ [索取号:O6/1068=2] 在馆    
2 1206759   212067591   第三借阅区/ [索取号:O6/1068=2] 在馆    
唐山师范学院图书馆 欢迎您!
大连网信软件有限公司© 版权所有